LIBRARY & INFORMATION CENTRE, KCAET, TAVANUR

ONLINE PUBLIC ACCESS CATALOGUE (OPAC)

Topsy-turvy planet / (Record no. 7817)

MARC details
000 -LEADER
fixed length control field 00350cam a2200145ua 4500
041 ## - LANGUAGE CODE
Language code of text/sound track or separate title eng
082 ## - DEWEY DECIMAL CLASSIFICATION NUMBER
Classification number 823.301
Item number SLA/TO
100 ## - MAIN ENTRY--AUTHOR NAME
Personal name Sladkov, N .
245 ## - TITLE STATEMENT
Title Topsy-turvy planet /
260 ## - PUBLICATION, DISTRIBUTION, ETC. (IMPRINT)
Place of publication Moscow :
Name of publisher Progress Publishers ,
Year of publication 1965.
300 ## - PHYSICAL DESCRIPTION
Number of Pages 164 ; .
942 ## - ADDED ENTRY ELEMENTS (KOHA)
Koha item type Books
Holdings
Withdrawn status Lost status Damaged status Home library Current library Date acquired Full call number Accession Number Koha item type
Withdrawn     KAUAET Sanskrit University 07/04/2012 823.301 9109 Books
free website counter